000 00423pam a2200157 a 4500
020 _a0070411395 :
040 _cDLC
082 0 0 _a620 HIL 1991 A049 Or.
100 1 _aMayo, William E.
245 1 0 _aIntroduction to computing for engineers /
260 _aNew York :
_bMcGraw-Hill,
_cc1991.
300 _axviii, 580 p. :
_bill. (some col.) ;
_c25 cm.
650 0 _aEngineering
700 1 _aCwiakala, Martin.
942 _cEK
999 _c14263
_d14263